书目信息 |
| 题名: |
袁世凯演义
|
|
| 作者: | 陶菊隐 著 | |
| 分册: | ||
| 出版信息: | 北京 中华书局 1979 |
|
| 页数: | 558页 | |
| 开本: | 20cm | |
| 丛书名: | ||
| 单 册: | ||
| 中图分类: | I247.43 , I242.4 | |
| 科图分类: | ||
| 主题词: | 讲史小说--中国--现代 , 长篇小说--中国--现代 , 章回小说--中国--现代 | |
| 电子资源: | ||
| ISBN: | ||
| 000 | 00689nam0 2200265 45 | |
| 001 | 0179003518 | |
| 005 | 20060818233050.85 | |
| 010 | @dCNY1.60 | |
| 091 | @a11018.775 | |
| 100 | @a19950719d1979 em y0chiy0121 ea | |
| 101 | 0 | @achi |
| 102 | @aCN@b110000 | |
| 105 | @ay z 000ay | |
| 106 | @ar | |
| 200 | 10 | @a袁世凯演义@Ayuan shi kai yan yi@f陶菊隐著 |
| 210 | @a北京@c中华书局@d1979 | |
| 215 | @a558页@d20cm | |
| 606 | @a讲史小说@y中国@z现代 | |
| 606 | @a长篇小说@y中国@z现代 | |
| 606 | @a章回小说@y中国@z现代 | |
| 690 | @aI247.43@v3 | |
| 690 | @aI242.4@v3 | |
| 701 | 0 | @a陶菊隐@Atao ju yin@4著 |
| 801 | 0 | @aCN@bNLC@c20060818 |
| 905 | @f2@b39725-726@f1@b23984@dI242.4@e225 | |
| 袁世凯演义/陶菊隐著.-北京:中华书局,1979 |
| 558页;20cm |
| ISBN :CNY1.60 |
| ● |
| 相关链接 |
|
|
|
|
正题名:袁世凯演义
索取号:I242.4/225
 
预约/预借
| 序号 | 登录号 | 条形码 | 馆藏地/架位号 | 状态 | 备注 |
| 1 | 0023984 | 001920327 | 密集书库/ [索取号:I242.4/225] | 在馆 | |
| 2 | 0039725 | 001920283 | 密集书库/ [索取号:I242.4/225] | 在馆 | |
| 3 | 0039726 | 001920363 | 密集书库/ [索取号:I242.4/225] | 在馆 |